000 00484nam a2200169 i 4500
001 134438
003 ES-MaACL
005 20230906194655.0
007 t|
008 070910s1970 sp ||||1| spa d
100 1 _aWebb, Charles.
_9116237
245 1 3 _aEl graduado /
_cCharles Webb ; [versión Julio F. Yañez].
260 _aBarcelona :
_bEdisven,
_c[1970]
300 _a282 p. ;
_c18 cm.
700 1 _aFernández-Yáñez, Julio.
_950195
852 _aES-MaACL
_jC-40739
_bR.74452
999 _c134438
_d134438